Diễn đàn khuyến nông @ Nông nghiệp lần thứ 04-2014 : chuyên đề "Nâng cao hiệu quả sử dụng phân bón trên đất phèn vùng Đồng bằng sông Cửu Long"

Nội dung bao gồm 40 bài viết khoa học về lĩnh vực khoa học cây trồng, phân bón...

Guardat en:
Dades bibliogràfiques
Autor corporatiu: Trung tâm Khuyến nông Quốc gia
Format: Llibre
Idioma:Undetermined
Publicat: Hậu Giang 2014
Matèries:
Etiquetes: Afegir etiqueta
Sense etiquetes, Sigues el primer a etiquetar aquest registre!
Thư viện lưu trữ: Trung tâm Học liệu Trường Đại học Cần Thơ
LEADER 00920nam a2200205Ia 4500
001 CTU_200011
008 210402s9999 xx 000 0 und d
082 |a 631.81 
082 |b Tr513 
110 |a Trung tâm Khuyến nông Quốc gia 
245 0 |a Diễn đàn khuyến nông @ Nông nghiệp lần thứ 04-2014 : 
245 0 |b chuyên đề "Nâng cao hiệu quả sử dụng phân bón trên đất phèn vùng Đồng bằng sông Cửu Long" 
245 0 |c Trung tâm Khuyến nông Quốc gia 
260 |a Hậu Giang 
260 |c 2014 
520 |a Nội dung bao gồm 40 bài viết khoa học về lĩnh vực khoa học cây trồng, phân bón... 
650 |a Fertilizers,Phân bón 
650 |x management and use,Quản lý và sử dụng 
904 |i Bằng 
980 |a Trung tâm Học liệu Trường Đại học Cần Thơ